Statistiques concernant Sons de l'album Chrome (Ziak)

Cliquez ici pour prendre le quiz!

Statistiques générales

  • Ce quiz a été pris 57 fois
  • Le résultat moyen est 10 sur 14

Statistiques - réponses

Musique% Correct
2.Chrome
98%
4.Même pas un grincement
87%
3.Tomb Raider
82%
1.Démonstration
78%
6.Seinen
78%
14.Désolé
73%
5.Op Ganté
67%
11.La plage
64%
9.Le crime parfait
64%
10.Mauvais jour
64%
8.Pourquoi
62%
13.Rappel des faits
60%
7.Ambiance vandale
56%
12.Pour une fois
53%

Distribution des résultats

Percentile par nombre de réponses

% des personnes avec chaque résultat

Votre développement - résultats

Vous n’avez pas pris ce quiz